000 00785nam a22002417a 4500
005 20250409125225.0
008 250409b |||||||| |||| 00| 0 eng d
020 _a978-1-138-04709-9 (pbk)
037 _cTB
040 _aCRL
_cCRL
041 _2eng
_aeng
084 _aP:33 R4
_qCRL
100 _aCanning, Patricia
_9752007
245 _aDiscourse analysis:
_bA practical introduction
260 _aLondon, UK:
_bRoutledge,
_c2024.
300 _axx, 325p.
365 _b37.99
_cUKP
650 _aAnalysis
650 _aLanguage and Language
_9752008
700 _aWalker, Brian (Author)
_9752009
942 _2CC
_cTB
_hP:33 R4
_n0
999 _c1308594
_d1308594